000 00368 a2200157 4500
001 74266
020 _a
040 _cAnchieta - Colégio São Paulo
100 _agutiérrez, Francisco
240 1 0 _aEducação como práxis política
_lpor
245 1 0 _aEducação como práxis política
300 _a125
362 0 _a1988
650 4 _aEducação
942 _cBK
999 _c74266
_d74266